Statistics for Minecraft Mobs 2023 (1.20)

Click here to take the quiz!

General Stats

  • This quiz has been taken 137 times
    (83 since last reset)
  • The average score is 62 of 78

Answer Stats

Passive% Correct
Cow
98%
Ender Dragon
98%
Pig
98%
Zombie
98%
Chicken
96%
Skeleton
96%
Piglin
94%
Creeper
92%
Horse
92%
Spider
92%
Wither
92%
Cod
90%
Enderman
90%
Salmon
90%
Sheep
90%
Wither Skeleton
90%
Cat
88%
Hoglin
88%
Wolf
88%
Axolotl
86%
Blaze
86%
Donkey
86%
Villager
86%
Endermite
84%
Llama
84%
Parrot
84%
Pillager
84%
Bee
82%
Iron Golem
82%
Rabbit
82%
Ravager
82%
Snow Golem
82%
Squid
82%
Tropical Fish
82%
Zoglin
82%
Bat
80%
Cave Spider
80%
Dolphin
80%
Husk
80%
Mule
80%
Ocelot
80%
Pufferfish
80%
Shulker
80%
Slime
80%
Sniffer
80%
Allay
78%
Drowned
78%
Ghast
78%
Guardian
78%
Magma Cube
78%
Phantom
78%
Piglin Brute
78%
Polar Bear
78%
Turtle
78%
Vex
78%
Vindicator
78%
Zombie Villager
78%
Elder Guardian
76%
Skeleton Horse
76%
Stray
76%
Warden
76%
Witch
76%
Camel
74%
Evoker
74%
Frog
74%
Glow Squid
74%
Wandering Trader
74%
Zombified Piglin
74%
Fox
72%
Strider
72%
Silverfish
70%
Goat
68%
Panda
68%
Trader Llama
64%
Mooshroom
56%
Tadpole
52%
Charged Creeper
32%
Brown Mooshroom
14%

Score Distribution

Percentile by Number Answered

Percent of People with Each Score

Your Score History

You have not taken this quiz since the last reset